Foundation Flash - 5 (Record no. 12870)

MARC details
000 -LEADER
fixed length control field 00433nam a2200181Ia 4500
008 - FIXED-LENGTH DATA ELEMENTS--GENERAL INFORMATION
fixed length control field 230524s9999 xx 000 0 und d
020 ## - INTERNATIONAL STANDARD BOOK NUMBER
ISBN 8173662126
082 ## - DEWEY DECIMAL CLASSIFICATION NUMBER
Classification number 4.162
Item number BHA
100 ## - MAIN ENTRY--AUTHOR NAME
Personal name Sham Bhangal
245 #0 - TITLE STATEMENT
Title Foundation Flash - 5
250 ## - EDITION STATEMENT
Edition statement 2ND
260 ## - PUBLICATION, DISTRIBUTION, ETC. (IMPRINT)
Place of publication MUMBAI
Name of publisher Shroff
Year of publication 2000
300 ## - PHYSICAL DESCRIPTION
Number of Pages 625+3
500 ## - GENERAL NOTE
General note Quantity Number: 2
650 ## - SUBJECT ADDED ENTRY--TOPICAL TERM
Topical Term Comp-Sc
700 ## - ADDED ENTRY--PERSONAL NAME
Personal name "Ananda Farr , Patrick Rey,,,"
942 ## - ADDED ENTRY ELEMENTS (KOHA)
Koha item type Books
Holdings
Lost status Damaged status Permanent Location Current Location Shelving location Date acquired Full call number Accession Number Koha item type
    Central Library, Trident Academy of Technology Central Library, Trident Academy of Technology General Stacks 05/24/2023 004.162 BHA 6645 Books
    Central Library, Trident Academy of Technology Central Library, Trident Academy of Technology General Stacks 05/24/2023 004.162 BHA 6646 Books
Trident Academy of Technology © 2023.
All rights reserved.                                                                                                                                                                                                        Designed by Team of Central Library .

Powered by Koha